[Event "Terrassa op"]
[Site "Terrassa"]
[Date "1996.??.??"]
[Round "8"]
[White "Rodriguez Vargas, Orestes"]
[Black "Alvarez, Roberto"]
[Result "1/2-1/2"]
[WhiteElo "2415"]
[BlackElo "2125"]

1.d4 d5 2.c4 c6 3.Nc3 Nf6 4.e3 e6 5.Nf3 Nbd7 6.Qc2 Bd6 7.Be2 O-O 8.O-O e5
9.cxd5 cxd5 10.Nb5 Bb8 11.dxe5 Nxe5 12.b3 Bg4 13.Nbd4 Qd6 14.Nxe5 Bxe2 15.Qxe2 Qxe5
16.g3 Qe7 17.Bb2 Be5 18.Rac1 Rac8 19.Rfd1 a6 20.Kg2 Qd7 21.h3 Rxc1 22.Rxc1 Rc8
23.Rxc8+ Qxc8 24.g4 Bxd4 25.Bxd4 Ne4 26.Bb2 h6 27.Qd3 Qc6 28.f3 Ng5 29.h4 Ne6
30.Qf5 Qb6 31.Kf2 Qa5 32.Qc2 Qxa2 33.Qc8+ Kh7 34.Qc2+ Kg8 35.Qc8+ Kh7 36.Qc2+  1/2-1/2

[Event "Terrassa op"]
[Site "Terrassa"]
[Date "1996.??.??"]
[Round "8"]
[White "Izeta Txabarri, Felix"]
[Black "Nogueiras, Jesus"]
[Result "1-0"]
[WhiteElo "2525"]
[BlackElo "2535"]

1.d4 d5 2.c4 c6 3.Nf3 Nf6 4.Nc3 e6 5.e3 Nbd7 6.Bd3 dxc4 7.Bxc4 b5 8.Bd3 a6
9.e4 c5 10.e5 cxd4 11.Ne4 Nd5 12.O-O h6 13.a4 b4 14.a5 Bb7 15.Re1 Be7 16.Bb1 Kf8
17.Qxd4 Rc8 18.Bd2 Nb8 19.Qa7 Qd7 20.Ba2 Nc6 21.Nc5 Nxa7 22.Nxd7+ Kg8 23.Nb6 Nxb6
24.axb6 Nb5 25.Be3 Kh7 26.Rac1 Rhd8 27.Nd2 g6 28.Bb1 Kg7 29.Be4 Bd5 30.f3 Rb8
31.Ra1 Nd4 32.Bxd4 Bxe4 33.Rxe4 Rxd4 34.Rxd4  1-0

[Event "GRE-chT"]
[Site "Thessaloniki"]
[Date "1996.??.??"]
[Round "1"]
[White "Banikas, Hristos"]
[Black "Tsekouras, Theodoros"]
[Result "1-0"]
[WhiteElo "2445"]
[BlackElo "2220"]

1.d4 d5 2.c4 c6 3.Nf3 Nf6 4.e3 e6 5.Nc3 Nbd7 6.Qc2 Bd6 7.Be2 O-O 8.O-O e5
9.cxd5 cxd5 10.dxe5 Nxe5 11.Rd1 Nxf3+ 12.Bxf3 Qc7 13.h3 Bh2+ 14.Kh1 Be5 15.Bd2 Be6
16.Be1 Rfd8 17.Rac1 Rac8 18.Qa4 Qb6 19.Nxd5 Bxd5 20.Rxc8 Rxc8 21.Bxd5 Nxd5
22.Rxd5 Qxb2 23.Qc4 Rf8 24.f4 Bf6 25.Bb4 Re8 26.Rd7 Qb1+ 27.Kh2 Qg6 28.Qd5 h5
29.f5 Be5+ 30.Qxe5 Qxg2+ 31.Kxg2 Rxe5 32.Rxb7 a5 33.Bd2 Rxf5 34.Ra7 Rb5 35.a4 Rb2
36.Rd7 Ra2 37.Rd4 g5 38.Kf3 Ra1 39.Bxa5 Rh1 40.Bd2 Rxh3+ 41.Kg2 g4 42.a5 Rh2+  1-0

[Event "CAN-ch"]
[Site "Toronto"]
[Date "1996.??.??"]
[Round "1"]
[White "Taylor, Gordon"]
[Black "Leveille, Francois"]
[Result "0-1"]
[WhiteElo "2340"]
[BlackElo "2350"]

1.d4 d5 2.c4 c6 3.Nf3 Nf6 4.Nc3 e6 5.e3 Nbd7 6.Bd3 dxc4 7.Bxc4 b5 8.Bb3 a6
9.e4 c5 10.d5 c4 11.dxe6 fxe6 12.Bc2 Qc7 13.O-O Bc5 14.Qe2 Ne5 15.Nxe5 Qxe5
16.Kh1 O-O 17.f4 Qh5 18.Qxh5 Nxh5 19.e5 g5 20.Ne4 Be7 21.f5 Rxf5 22.Rxf5 exf5
23.Bxg5 fxe4 24.Bxe7 Bb7 25.Re1 Re8 26.Bd6 Nf4 27.Bxe4 Bxe4 28.Rxe4 Nd3 29.Re2 Kf7
30.Kg1 Ke6 31.Rd2 Kd5 32.Kf1 Re6 33.Ke2 Ke4 34.Kd1 Nxe5 35.Bxe5 Rxe5 36.Re2+ Kd4
37.Rxe5 Kxe5 38.a3 a5 39.Kd2 Kd4 40.Ke2 c3 41.bxc3+ Kxc3 42.g4 b4 43.axb4 axb4
44.Kd1 Kb2  0-1

[Event "Toscolano op"]
[Site "Toscolano"]
[Date "1996.??.??"]
[Round "9"]
[White "Kania, Andreas"]
[Black "Duarte, Riccardo"]
[Result "0-1"]
[WhiteElo "2275"]
[BlackElo "2005"]

1.d4 d5 2.c4 Nf6 3.Nc3 c6 4.Nf3 e6 5.e3 Bd6 6.Qc2 Nbd7 7.Bd2 a6 8.b3 O-O
9.Be2 dxc4 10.bxc4 e5 11.d5 cxd5 12.cxd5 Nb6 13.e4 Nfd7 14.g4 Nc5 15.h3 Bd7
16.a4 Rc8 17.Qd1 Qe8 18.a5 Nba4 19.Nxa4 Bxa4 20.Qb1 Nb3 21.Ra2 Nxd2 22.Nxd2 Rc3
23.Qa1 Qc8 24.O-O Bb5 25.Bxb5 axb5 26.Kg2 b4 27.Qb1 f6 28.Rd1 Rf7 29.Qb2 Rfc7
30.Rda1 h5 31.f3 hxg4 32.hxg4 b3 33.Ra4 Rc2 34.Qxb3 Rxd2+ 35.Kg3 Rc3 36.Qb5 Rxf3+  0-1

[Event "CRO-chT2"]
[Site "Tucepi"]
[Date "1996.??.??"]
[Round "?"]
[White "Franic, Milan"]
[Black "Martic, Zlatko"]
[Result "1-0"]
[WhiteElo "2375"]
[BlackElo "2295"]

1.d4 Nf6 2.Nf3 d5 3.c4 c6 4.Nc3 e6 5.e3 Nbd7 6.Qc2 Bd6 7.Be2 O-O 8.O-O Qe7
9.h3 b6 10.e4 dxe4 11.Nxe4 Nxe4 12.Qxe4 Bb7 13.Bg5 f6 14.Bd3 g6 15.Bh6 Rf7
16.Rfe1 e5 17.c5 bxc5 18.dxe5 fxe5 19.Bc4 Nf6 20.Bxf7+ Qxf7 21.Nxe5 Qe6 22.Qc4 Nd5
23.Ng4 Qf7 24.Re4 Bc8 25.Re8+ Qxe8 26.Nf6+ Kf7 27.Nxe8 Kxe8 28.Re1+ Kf7 29.Be3  1-0

[Event "Tuebingen-ch55"]
[Site "Tuebingen"]
[Date "1996.??.??"]
[Round "?"]
[White "Zeller, Frank"]
[Black "Muysers, Hendrik"]
[Result "1-0"]
[WhiteElo "2335"]
[BlackElo "1865"]

1.d4 d5 2.c4 e6 3.Nc3 Nf6 4.Nf3 c6 5.e3 Nbd7 6.Bd3 Bd6 7.e4 dxe4 8.Nxe4 Nxe4
9.Bxe4 h6 10.O-O O-O 11.Bc2 e5 12.Qd3 f5 13.c5 Bc7 14.b4 e4 15.Qb3+ Kh8 16.Ng5 hxg5
17.Qh3+ Kg8 18.Bb3+ Rf7 19.Qxf5 Nf6 20.Bxf7+ Kxf7 21.Qxg5 Qxd4 22.Bf4 Bxf4
23.Qxf4 Be6 24.Rfd1 Qxb4 25.Rab1 Qxc5 26.Rxb7+ Kg6 27.Qg3+ Kh5 28.Rxg7 Rg8
29.Qg6+  1-0

[Event "Turin op"]
[Site "Turin"]
[Date "1996.??.??"]
[Round "7"]
[White "Arlandi, Ennio"]
[Black "Luther, Thomas"]
[Result "1/2-1/2"]
[WhiteElo "2445"]
[BlackElo "2495"]

1.d4 d5 2.c4 c6 3.Nc3 Nf6 4.e3 e6 5.Nf3 Nbd7 6.Qc2 Bd6 7.Bd3 O-O 8.O-O dxc4
9.Bxc4 a6 10.Rd1 b5 11.Bf1 c5 12.dxc5 Bxc5 13.Ng5 Bb7 14.Nce4 Nxe4 15.Nxe4 Rc8
16.Nxc5 Rxc5 17.Qe2 Qc7 18.Bd2 Ne5 19.Bb4 Rc2 20.Qh5 Rxb2 21.Rac1 Rc2 22.Bd6 Nf3+
23.gxf3 Rxc1 24.Bxc7 Rxd1 25.f4 Rc1 26.Be5 f6 27.Bb2 Rb1 28.Ba3 b4 29.Bxb4 Rxb4
30.Bd3 f5 31.Qe2 Rb6 32.h3 Rc8 33.Bc4 h6 34.Kh2 Kh7 35.Kg3 Rf8 36.f3 Rd8
37.Bb3 Bd5 38.Bxd5 Rxd5 39.Qc2 Rdb5 40.Kh4 Rb2 41.Qc7 R6b5 42.a4 R5b3 43.Qe5 Rb6
44.a5 R6b5 45.Qxe6 Rxa5 46.e4 fxe4 47.Qxe4+ Kh8 48.Qe8+ Kh7 49.Qe4+  1/2-1/2

[Event "Turin op"]
[Site "Turin"]
[Date "1996.??.??"]
[Round "8"]
[White "Marchand, Francois"]
[Black "Luther, Thomas"]
[Result "0-1"]
[WhiteElo "2220"]
[BlackElo "2495"]

1.d4 e6 2.c4 Nf6 3.Nf3 d5 4.Nc3 c6 5.e3 Nbd7 6.Bd3 dxc4 7.Bxc4 b5 8.Be2 a6
9.O-O c5 10.dxc5 Bxc5 11.a3 O-O 12.b4 Ba7 13.Bb2 Bb7 14.a4 bxa4 15.Rxa4 Bb8
16.Qa1 Qc7 17.g3 Qc6 18.b5 axb5 19.Rxa8 Bxa8 20.Nxb5 Bb7 21.Rc1 Qd5 22.Rc2 Qh5
23.Nfd4 Ng4 24.h4 Qg6 25.Bxg4 Qxg4 26.Nc6 Bxc6 27.Rxc6 Bxg3 28.Kf1 Qf5  0-1

[Event "Ubeda op"]
[Site "Ubeda"]
[Date "1996.??.??"]
[Round "?"]
[White "Suba, Mihai"]
[Black "Wells, Peter K"]
[Result "0-1"]
[WhiteElo "2565"]
[BlackElo "2495"]

1.c4 Nf6 2.Nf3 c6 3.Nc3 d5 4.e3 e6 5.d4 Nbd7 6.Be2 Bd6 7.Qc2 O-O 8.O-O dxc4
9.a4 e5 10.a5 Qe7 11.Bxc4 e4 12.Nh4 Bxh2+ 13.Kxh2 Ng4+ 14.Kg3 Ndf6 15.Nf5 Bxf5
16.Rh1 Qd6+ 17.Kh4 Nh5  0-1

[Event "UKR-ch (Women)"]
[Site "UKR"]
[Date "1996.??.??"]
[Round "5"]
[White "Shumiakina, Tatiana"]
[Black "Skripchenko, Almira"]
[Result "1/2-1/2"]
[WhiteElo "2350"]
[BlackElo "2390"]

1.d4 d5 2.c4 c6 3.Nc3 Nf6 4.e3 e6 5.Nf3 Nbd7 6.Bd3 dxc4 7.Bxc4 b5 8.Bd3 b4
9.Ne4 Be7 10.O-O O-O 11.Qc2 Bb7 12.a3 bxa3 13.bxa3 c5 14.Rb1  1/2-1/2

[Event "UKR-ch (Women)"]
[Site "UKR"]
[Date "1996.??.??"]
[Round "10"]
[White "Zhukova, Natalia"]
[Black "Shumiakina, Tatiana"]
[Result "1/2-1/2"]
[WhiteElo "2355"]
[BlackElo "2350"]

1.d4 d5 2.c4 e6 3.Nf3 c6 4.Nc3 Nf6 5.e3 Nbd7 6.Qc2 Bd6 7.Bd3 O-O 8.O-O dxc4
9.Bxc4 Qe7 10.h3 e5 11.Re1 Bb8 12.Bb3 h6 13.Bd2 Rd8 14.e4  1/2-1/2

[Event "Paks GM"]
[Site "Ungarn"]
[Date "1996.??.??"]
[Round "?"]
[White "Petronic, Jovan"]
[Black "Horvath, Csaba"]
[Result "1/2-1/2"]
[WhiteElo "2435"]
[BlackElo "2540"]

1.d4 d5 2.c4 c6 3.e3 Nf6 4.Nc3 e6 5.Nf3 Nbd7 6.a3 Bd6 7.Bd3 O-O 8.O-O h6
9.e4 dxe4 10.Nxe4 Nxe4 11.Bxe4 e5 12.Bc2 Re8 13.Re1 exd4 14.Rxe8+ Qxe8 15.Qxd4 Be7
16.Bf4 Bf6 17.Qd3 Nf8 18.Re1 Be6 19.Ne5 Qd8 20.Qe4 Qa5 21.Re2 Rd8 22.h3 Qb6
23.b3 Qd4 24.Qxd4 Rxd4 25.Bc1 Rd8 26.Kf1 Nd7 27.Nxd7 Rxd7 28.Rd2 Rxd2 29.Bxd2 Bd4
30.Ke2 Kf8 31.f4 Ke7 32.g4 Bd7 33.Kf3 g6 34.Bb4+ c5 35.Bd2 f5 36.gxf5 Bxf5
37.Bxf5 gxf5 38.Ke2 Bb2 39.a4 Bd4 40.Be1 Ke6 41.Kd3  1/2-1/2

[Event "CZE-ch U20"]
[Site "Usti nad Labem"]
[Date "1996.??.??"]
[Round "9"]
[White "Chytilek, Roman"]
[Black "Suran, Jan"]
[Result "1/2-1/2"]
[WhiteElo "2320"]
[BlackElo "2300"]

1.d4 d5 2.c4 c6 3.Nc3 Nf6 4.Nf3 e6 5.e3 Nbd7 6.Qc2 b6 7.cxd5 cxd5 8.Nb5 Bb4+
9.Bd2 Bxd2+ 10.Nxd2 O-O 11.Be2 Ba6 12.O-O Rc8 13.Qa4 Nb8 14.Nf3 Qe7 15.Rfe1 Ne4
16.Rac1 g6 17.Ne5 Bxb5 18.Bxb5 Rc7 19.Rxc7 Qxc7 20.Nd3 Rc8 21.g3 Nd6 22.Rc1 Qb7
23.Rxc8+ Qxc8 24.Ne5 Nxb5 25.Qxb5 f6 26.Nd3 Qc6 27.Qb3 Kf7 28.h4 Qc4 29.Qa3 Qc7
30.Nf4 Qd7 31.Qd3 Nc6 32.Qb5 Ne5 33.Qe2 Nc6 34.Qg4 Ne7 35.Qh3 h5 36.Qf1 Qa4
37.a3 Qc4 38.Qd1 a5 39.g4 e5 40.b3 Qc6 41.dxe5  1/2-1/2

[Event "Vendrell op"]
[Site "Vendrell"]
[Date "1996.??.??"]
[Round "5"]
[White "Komarov, Dimitri"]
[Black "Giorgadze, Giorgi"]
[Result "1/2-1/2"]
[WhiteElo "2530"]
[BlackElo "2590"]

1.d4 d5 2.c4 c6 3.Nf3 Nf6 4.Nc3 e6 5.e3 Nbd7 6.Bd3 dxc4 7.Bxc4 b5 8.Bd3 Bb7
9.e4 b4 10.Na4 c5 11.e5 Nd5 12.O-O h6 13.Bd2 Rc8 14.Rc1 Be7 15.Qe2 Qa5 16.dxc5 Bc6
17.b3 Nxc5 18.Nd4 Bd7 19.Nxc5 Bxc5 20.Qg4 g5 21.a4 Nc3 22.Nc2 Be7  1/2-1/2

[Event "Vendrell op"]
[Site "Vendrell"]
[Date "1996.??.??"]
[Round "7"]
[White "Timoshchenko, Gennadi A"]
[Black "Lodhi, Mahmood"]
[Result "1-0"]
[WhiteElo "2530"]
[BlackElo "2350"]

1.d4 d5 2.c4 c6 3.Nf3 Nf6 4.Nc3 e6 5.e3 Bd6 6.Qc2 O-O 7.Be2 Nbd7 8.O-O dxc4
9.Bxc4 e5 10.Bb3 exd4 11.exd4 h6 12.Qg6 Ne8 13.Bxh6 Qf6 14.Qxf6 Ndxf6 15.Bg5 Nh7
16.Bh4 Nc7 17.d5 Bg4 18.dxc6 Bxf3 19.gxf3 bxc6 20.Bg3 Rfd8 21.Rfd1 Bxg3 22.fxg3 Ng5
23.Kf2 Nge6 24.Rxd8+ Rxd8 25.Bxe6 Nxe6 26.Rd1 Rb8 27.b3 Rb7 28.f4 g6 29.Kf3 c5
30.g4 Kg7 31.f5 Nd4+ 32.Kf4 Rd7 33.Rd2 g5+ 34.Ke3 Re7+ 35.Kf2 Re5 36.Rd3 Kf6
37.Rh3 Nc2 38.Rh6+ Kg7 39.Rd6 Re3 40.Nd5 Rd3 41.Nf6 Rxd6 42.Ne8+ Kf8 43.Nxd6 Nb4
44.a4 Nd3+ 45.Ke3 Nc1 46.Ke4 Nxb3 47.Kd5 Nd4 48.a5 Nf3 49.h3  1-0

[Event "Vendrell op"]
[Site "Vendrell"]
[Date "1996.??.??"]
[Round "8"]
[White "Foisor, Ovidiu"]
[Black "Lodhi, Mahmood"]
[Result "1/2-1/2"]
[WhiteElo "2475"]
[BlackElo "2350"]

1.c4 Nf6 2.Nf3 c6 3.Nc3 d5 4.e3 e6 5.d4 Nbd7 6.Qc2 Bd6 7.Be2 O-O 8.O-O h6
9.Rd1 a6 10.e4 dxe4 11.Nxe4 Nxe4 12.Qxe4 Nf6 13.Qc2 Qe7 14.Ne5 c5 15.Be3 Qc7
16.f4 cxd4 17.Bxd4 b6 18.Bf3 Bb7 19.Qe2 Bxf3 20.Qxf3 Rac8 21.Rac1 Rfd8 22.Qe3 Nd7
23.Nd3 Nc5 24.g3 Nxd3 25.Rxd3 Bc5 26.Rcd1 Rxd4 27.Rxd4 Qc6 28.b4 Bxd4 29.Rxd4 a5
30.bxa5 bxa5 31.Qd3 Qb6 32.Kg2 g6 33.Qc3 Qb7+ 34.Kh3 Qb1 35.c5 Qf1+ 36.Kh4 Qe2
37.Kh3 Qf1+ 38.Kh4 Qe2  1/2-1/2

[Event "Vendrell op"]
[Site "Vendrell"]
[Date "1996.??.??"]
[Round "8"]
[White "Ubilava, Elizbar"]
[Black "Bjerring, Kai"]
[Result "1-0"]
[WhiteElo "2535"]
[BlackElo "2365"]

1.d4 Nf6 2.Nf3 d5 3.c4 c6 4.e3 e6 5.Nc3 Nbd7 6.Qc2 Bd6 7.g4 dxc4 8.Bxc4 Nd5
9.Ne4 Be7 10.g5 b5 11.Be2 Qb6 12.Bd2 c5 13.dxc5 Nxc5 14.Nxc5 Bxc5 15.Rc1 Be7
16.e4 Bb7 17.exd5 Bxd5 18.Qc7 Qxc7 19.Rxc7 a6 20.a3 Bd6 21.Rc1 Rd8 22.O-O h6
23.gxh6 gxh6 24.Rfd1 Rg8+ 25.Kf1 Ke7 26.Bb4 Bxb4 27.axb4 Rg4 28.Rc7+ Kf6
29.Rxf7+  1-0

[Event "Vendrell op"]
[Site "Vendrell"]
[Date "1996.??.??"]
[Round "8"]
[White "Garcia Ilundain, David"]
[Black "Cifuentes Parada, Roberto"]
[Result "1/2-1/2"]
[WhiteElo "2550"]
[BlackElo "2490"]

1.d4 d5 2.Nf3 Nf6 3.c4 c6 4.Nc3 e6 5.e3 Nbd7 6.Qc2 Bd6 7.Be2 O-O 8.O-O b6
9.e4 Nxe4 10.Nxe4 dxe4 11.Qxe4 Bb7 12.Bf4 Nf6 13.Qe3 Ng4 14.Qe4 Nf6 15.Qe3 Ng4
16.Qc1 c5 17.h3 Nf6 18.Rd1 Qc7 19.Bxd6 Qxd6 20.Qe3 Rfd8 21.dxc5 Qxc5 22.Qxc5 bxc5
23.Ne5 Kf8 24.f4 Ke7 25.Kf2 Ne4+ 26.Ke3 f6 27.Nd3 Rac8 28.Bf3  1/2-1/2

[Event "Vienna op"]
[Site "Vienna"]
[Date "1996.??.??"]
[Round "1"]
[White "Lamprecht, Frank"]
[Black "Godena, Michele"]
[Result "0-1"]
[WhiteElo "2410"]
[BlackElo "2550"]

1.d4 d5 2.c4 e6 3.Nc3 c6 4.e3 Nf6 5.Nf3 a6 6.Be2 b5 7.b3 Bb4 8.Bd2 O-O 9.O-O Be7
10.Qc2 Bb7 11.Bd3 bxc4 12.bxc4 dxc4 13.Bxc4 c5 14.dxc5 Bxc5 15.Bd3 Nbd7 16.Ne4 Rc8
17.Nxf6+ Nxf6 18.Bc3 Bxf3 19.gxf3 Nd5 20.Kh1 Bd6 21.Bxh7+ Kh8 22.Bxg7+ Kxg7
23.Rg1+ Kh8 24.Qa4 Qf6 25.Be4 Nc3 26.Qc2 Qe5 27.Rg3 Nxe4 28.Rh3+ Kg7 29.Rg1+ Kf6
30.Qxe4 Qxe4 31.fxe4 Rh8 32.Rxh8 Rxh8 33.f4 e5 34.Rf1 Rh3 35.fxe5+ Kxe5 36.Rxf7 Kxe4
37.Rf2 Kxe3 38.Rb2 Rh6 39.Rb6 Bf4 40.Rb3+ Ke4 41.h3 Be3 42.Kh2 Kf3  0-1

[Event "Carl Schlechter mem"]
[Site "Vienna"]
[Date "1996.??.??"]
[Round "2"]
[White "Schroll, Gerhard"]
[Black "Zetthofer, Gerald"]
[Result "1/2-1/2"]
[WhiteElo "2380"]
[BlackElo "2215"]

1.d4 d5 2.c4 e6 3.Nf3 Nf6 4.Nc3 c6 5.e3 Bd6 6.Bd3 O-O 7.O-O Nbd7 8.e4 dxe4
9.Nxe4 Nxe4 10.Bxe4 Nf6 11.Bc2 b6 12.Bg5 h6 13.Bh4 g5 14.Bg3 Bxg3 15.fxg3 c5
16.Ne5 Kg7 17.Nc6 Qd6 18.Qf3 Nd7 19.d5 exd5 20.Qd3 f5 21.Rxf5 Rxf5 22.Qxf5 Nf8
23.Qxd5 Qxd5 24.cxd5 Bd7 25.Re1 Bxc6 26.dxc6 Kf6 27.Rd1 Ke7 28.Re1+ Kd6 29.Rf1 Rd8
30.Rf6+ Kc7 31.Be4 Re8 32.Bf3 Ne6 33.Rf7+ Kd6 34.Rd7+ Ke5 35.c7 Rc8 36.Bg4 h5
37.Bxe6 Kxe6 38.Rh7 b5 39.Kf2 g4 40.Ke3 Kd6 41.Ke4 Rxc7 42.Rh6+ Ke7 43.Rxh5 Kf6
44.Kf4 b4 45.Rf5+ Ke6 46.Kxg4 c4 47.Kf4 c3 48.Re5+ Kd6 49.bxc3 bxc3 50.Re1 Rf7+
51.Ke3 Re7+ 52.Kf2 Rf7+ 53.Ke2 Re7+ 54.Kf1 Rf7+  1/2-1/2

[Event "AUT-chT qual"]
[Site "Vienna"]
[Date "1996.??.??"]
[Round "2"]
[White "Ribli, Zoltan"]
[Black "Eisterer, Heinrich"]
[Result "1-0"]
[WhiteElo "2590"]
[BlackElo "2340"]

1.Nf3 d5 2.d4 Nf6 3.c4 c6 4.Nc3 e6 5.e3 Nbd7 6.Qc2 Bd6 7.Be2 a6 8.b3 e5 9.cxd5 cxd5
10.dxe5 Nxe5 11.Bb2 Be6 12.Rc1 Rc8 13.Qb1 O-O 14.O-O b5 15.Rfd1 Qe7 16.Qa1 Nc6
17.Bf1 Rfd8 18.Ne2 Bg4 19.Ng3 Bb8 20.a4 Bxf3 21.gxf3 Ne5 22.Be2 Qe6 23.axb5 axb5
24.Qa5 h5 25.Qxb5 h4 26.Nf1 Qf5 27.Bxe5 Bxe5 28.Qd3 Qe6 29.b4 g5 30.b5 Kh8
31.Kg2 Rg8 32.h3 g4 33.fxg4 Nxg4 34.Bxg4 Rxg4+ 35.hxg4 Qxg4+ 36.Ng3 Rg8 37.Qxd5 Bxg3
38.Qd4+ Qxd4 39.Rxd4 Be5+ 40.Kh3 Bxd4 41.exd4 Rb8 42.Rb1 Rb6 43.Kxh4 Kg7
44.Kg5 Kf8 45.f4 Ke7 46.f5 Kd7 47.f6 Kd6 48.Kh6 Ke6 49.Kg7  1-0

[Event "Carl Schlechter mem"]
[Site "Vienna"]
[Date "1996.??.??"]
[Round "3"]
[White "Blatny, Pavel"]
[Black "Eisterer, Heinrich"]
[Result "1-0"]
[WhiteElo "2490"]
[BlackElo "2340"]

1.Nf3 d5 2.c4 c6 3.e3 Nf6 4.Nc3 e6 5.d4 Nbd7 6.Qc2 Bd6 7.Be2 O-O 8.O-O dxc4
9.Rd1 Qe7 10.Ng5 e5 11.d5 h6 12.dxc6 hxg5 13.cxd7 Bxd7 14.e4 Be6 15.Bxg5 Bc5
16.Kh1 Rac8 17.f4 Bd4 18.Bxf6 Qxf6 19.f5 Bd7 20.Nd5 Qd6 21.f6 gxf6 22.Rf1 f5
23.Bg4 fxg4 24.Rf6 Be6 25.Qd2 Rfd8 26.Rh6 Bxd5 27.Qg5+ Qg6 28.Rxg6+ fxg6
29.Qxg6+ Kh8 30.Qh5+ Kg8 31.Qxg4+ Kh8 32.Qh5+ Kg8 33.Qg5+ Kh8 34.Qh6+ Kg8
35.Qg6+ Kh8 36.exd5 Rf8 37.g3 Bxb2 38.Re1 Rc7 39.Qh6+ Kg8 40.Re4 Rff7 41.Rg4+ Rg7
42.Qe6+ Kf8 43.Qf6+ Kg8 44.Qd8+ Kh7 45.Rh4+ Kg6 46.Qd6+ Kf5 47.Qe6+ Kg5 48.Rg4+  1-0

[Event "Vienna op"]
[Site "Vienna"]
[Date "1996.??.??"]
[Round "7"]
[White "Jelen, Igor"]
[Black "Pavasovic, Dusko"]
[Result "1/2-1/2"]
[WhiteElo "2415"]
[BlackElo "2495"]

1.d4 d5 2.c4 e6 3.Nc3 c6 4.e3 Nf6 5.Nf3 Nbd7 6.Bd3 dxc4 7.Bxc4 b5 8.Bd3 a6
9.e4 c5 10.d5 Qc7 11.dxe6 fxe6 12.O-O Bb7 13.Bc2 Be7 14.Ng5 Qc6 15.Qf3 h6
16.Qh3 hxg5 17.Qxh8+ Kf7 18.Qh3 g4 19.Qh4 Ne5 20.Rd1 Bd6 21.Bf4 Ng6 22.Rxd6 Nxh4
23.Rxc6 Bxc6 24.Re1 Rd8 25.Bg5 Ng6 26.e5 b4 27.Ne4 Bxe4 28.Rxe4 Rd5 29.exf6 Rxg5
30.fxg7 Ne5 31.Bb3 Kf6 32.Kf1 Rxg7 33.f4 gxf3 34.gxf3  1/2-1/2

[Event "Vienna op"]
[Site "Vienna"]
[Date "1996.??.??"]
[Round "7"]
[White "Henley, Ron W"]
[Black "Lamprecht, Frank"]
[Result "1/2-1/2"]
[WhiteElo "2465"]
[BlackElo "2410"]

1.d4 d5 2.c4 c6 3.Nc3 e6 4.e3 Nf6 5.Nf3 Nbd7 6.Qc2 Bd6 7.Bd3 O-O 8.O-O dxc4
9.Bxc4 b5 10.Be2 Bb7 11.b3 a6 12.a4 Qe7 13.Bb2 e5 14.dxe5 Nxe5 15.Ng5 h6
16.Nge4 c5 17.axb5 Nxe4 18.Nxe4 axb5 19.Nxd6 Qxd6 20.Rxa8 Rxa8 21.Bxe5 Qxe5
22.Bxb5 Qg5 23.e4 Rd8 24.Rd1  1/2-1/2

[Event "Carl Schlechter mem"]
[Site "Vienna"]
[Date "1996.??.??"]
[Round "8"]
[White "Kummer, Helmut"]
[Black "Zetthofer, Gerald"]
[Result "1/2-1/2"]
[WhiteElo "2300"]
[BlackElo "2215"]

1.d4 d5 2.c4 c6 3.Nf3 Nf6 4.Nc3 e6 5.e3 Bd6 6.Bd3 Nbd7 7.O-O O-O 8.e4 dxe4
9.Nxe4 Nxe4 10.Bxe4 Nf6 11.Bc2 Qc7 12.Bg5 h6 13.Bxf6 gxf6 14.c5 Be7 15.Re1 Rd8
16.Qd3 f5 17.Ne5 Bf6 18.Qg3+ Kh7 19.Rad1 Rg8 20.Qh3 Bg7 21.Qh5 Bxe5 22.dxe5 b6
23.Rd6 Rg5 24.Qf3 bxc5 25.Red1 Rb8 26.Qc3 Qb6 27.Rd8 Ba6 28.Rxb8 Qxb8 29.f4 Rg7
30.h3 Qg8 31.g4 Be2 32.Rd2 Bxg4 33.Rg2 Bd1 34.Rxg7+ Qxg7+ 35.Kf2 Bxc2 36.Qxc2 Qf8
37.Qa4 Qb8 38.b3 Qb6 39.Kf3 a5 40.Qc4 Qb4 41.Qe2 Qc3+ 42.Kg2 Kg6 43.h4 Qd4
44.h5+ Kg7 45.Kg3 Qg1+ 46.Kh3 Qh1+ 47.Kg3 Qe4 48.Qd2 Qd4 49.Qc2 a4 50.bxa4 c4
51.a5 c3 52.a6 Qc5 53.Qg2 Kh7 54.Qc2 Qe3+ 55.Kg2 Qd2+ 56.Qxd2 cxd2 57.a7 d1=Q
58.a8=Q Qg4+ 59.Kh1 Qxh5+ 60.Kg2 Qg4+ 61.Kh1 Qxf4 62.Qf8 Qh4+ 63.Kg2 Qg4+
64.Kf2 Qg6 65.a4 f4 66.a5 Qg3+ 67.Kf1 Qd3+ 68.Kf2 Qe3+ 69.Kf1 Kg6 70.Qg8+ Kf5
71.Qxf7+ Kxe5 72.Qc7+ Kd5 73.Qd8+ Ke4 74.Qd1 Qh3+ 75.Kg1 Qe3+ 76.Kf1 Qc5
77.a6 f3 78.Qe1+ Kf5 79.Qb1+ Kg5 80.Qd3 Kg4 81.Qd2 Kg3 82.Qb2 Qe3 83.a7 f2
84.Qg7+ Kh4 85.Qa1 Kg3 86.Qg7+ Kh4  1/2-1/2

[Event "Vienna op"]
[Site "Vienna"]
[Date "1996.??.??"]
[Round "8"]
[White "Lputian, Smbat G"]
[Black "Sveshnikov, Evgeny"]
[Result "1-0"]
[WhiteElo "2595"]
[BlackElo "2535"]

1.d4 d5 2.c4 c6 3.Nc3 Nf6 4.Nf3 e6 5.e3 Nbd7 6.Bd3 dxc4 7.Bxc4 b5 8.Be2 Bb7
9.O-O a6 10.e4 c5 11.d5 exd5 12.e5 Ne4 13.Nxd5 Nb6 14.Nf4 Qxd1 15.Rxd1 Be7
16.e6 Bf6 17.a4 bxa4 18.exf7+ Ke7 19.Nh5 Rhd8 20.Nxf6 Rxd1+ 21.Bxd1 gxf6
22.Nh4 Kxf7 23.Bh5+ Ke6 24.Bg4+ Kd5 25.Nf5 Kc6 26.Bf4 Nd5 27.Rxa4 Nxf4 28.Rxe4 Nd5
29.Bf3 Rd8 30.Re7 Rd7 31.Be4 a5 32.h4 a4 33.h5 c4 34.h6 Rxe7 35.Nxe7+ Kd6
36.Nxd5 Bxd5 37.Bxh7 c3 38.bxc3 a3 39.Bb1 Bg8 40.f4 Ke7 41.Ba2 Kf8 42.c4 f5
43.Kf2 Kf7 44.c5+ Kf8 45.Bxg8 Kxg8 46.c6 a2 47.c7 a1=Q 48.c8=Q+ Kh7 49.Qxf5+ Kxh6
50.Qe5 Qa2+ 51.Kg3 Qb3+ 52.Kh4 Qb1 53.Qe6+ Kh7 54.Kg5 Qd1 55.Qg6+  1-0

[Event "Siembra Villa Ballester op"]
[Site "Villa Ballester"]
[Date "1996.??.??"]
[Round "3"]
[White "Tempone, Marcelo"]
[Black "Perez Pietronave, Carlos"]
[Result "1-0"]
[WhiteElo "2460"]
[BlackElo "2280"]

1.d4 d5 2.c4 c6 3.Nf3 e6 4.e3 Nf6 5.Nc3 Nbd7 6.Qc2 Bd6 7.Be2 O-O 8.O-O Qe7
9.b3 Re8 10.Bb2 e5 11.cxd5 Nxd5 12.Nxd5 cxd5 13.dxe5 Nxe5 14.Nxe5 Bxe5 15.Rad1 Bf5
16.Qxf5 Bxb2 17.Rxd5 Rad8 18.Bc4 g6 19.Qc2 Bf6 20.Rfd1 Rxd5 21.Bxd5 Rd8 22.e4 Be5
23.g3 Kg7 24.Kg2 Qc7 25.Qd2 b6 26.h4 h5 27.Rc1 Qd7 28.Qg5 Bf6 29.Qf4 Qe7
30.Rc7 Rd7 31.e5 Bxh4 32.Rxd7 Qxd7 33.Qd4  1-0

[Event "Siembra Villa Ballester op"]
[Site "Villa Ballester"]
[Date "1996.??.??"]
[Round "3"]
[White "Filgueira, Hernan"]
[Black "Sorokin, Maxim"]
[Result "1/2-1/2"]
[WhiteElo "2315"]
[BlackElo "2560"]

1.d4 e6 2.c4 d5 3.Nc3 c6 4.e3 Nf6 5.Nf3 Nbd7 6.Bd3 dxc4 7.Bxc4 b5 8.Bd3 Bb7
9.O-O a6 10.e4 c5 11.d5 c4 12.dxe6 fxe6 13.Bc2 Qc7 14.Ng5 Nc5 15.e5 Qxe5
16.Re1 Qd6 17.Qxd6 Bxd6 18.Be3 O-O 19.Rad1 Be7 20.Bxc5 Bxc5 21.Nxe6 Rfc8
22.h3 Rab8 23.g4 Bf3 24.Rd2 Re8 25.Kf1 Bb4 26.a3 Bxc3 27.bxc3 Rb6 28.Nf4 Rxe1+
29.Kxe1 g5 30.Nh5 Re6+ 31.Kf1 Nxh5 32.gxh5 Bxh5 33.Rd8+ Kg7 34.Rd7+ Bf7 35.Bxh7 Kxh7
36.Rxf7+ Kg6 37.Rc7 Rd6 38.a4 Rd3 39.Rc6+ Kf5 40.Rxa6 bxa4 41.Rxa4 Rxc3 42.Ke2 Ke4
43.Kd2 Rd3+ 44.Kc2 Rxh3  1/2-1/2

[Event "Siembra Villa Ballester op"]
[Site "Villa Ballester"]
[Date "1996.??.??"]
[Round "4"]
[White "Peralta, Fernando"]
[Black "Lopez, Gabriela"]
[Result "1-0"]
[WhiteElo "2315"]
[BlackElo "2045"]

1.d4 d5 2.c4 e6 3.Nf3 Nf6 4.Nc3 c6 5.e3 Be7 6.Bd3 O-O 7.O-O Nbd7 8.b3 Re8
9.Bb2 Qa5 10.a3 dxc4 11.Bxc4 Nf8 12.Ne5 Nd5 13.b4 Qc7 14.Qe2 f6 15.Nd3 Kh8
16.e4 Nb6 17.Bb3 e5 18.dxe5 fxe5 19.Qh5 Be6 20.Bxe6 Nxe6 21.Ne2 Nc4 22.Bxe5 Nxe5
23.Nxe5 Bf6 24.f4 Nxf4 25.Nxf4 Bxe5 26.Ng6+ Kg8 27.Nxe5 Rxe5 28.Qf3 Qe7 29.Qb3+ Qe6
30.Qxe6+ Rxe6 31.Rad1 Rae8 32.Rd7 R6e7 33.Rfd1 Kf8 34.Kf2 Rxd7 35.Rxd7 Re7
36.Rd8+ Kf7 37.Ke3 Ke6 38.Ra8 b6 39.Rc8 Kd7 40.Rh8 h6 41.Kd4 Kd6 42.Rd8+ Kc7
43.Ra8 Kd6 44.e5+ Ke6 45.Ke4 Rc7 46.Rd8 c5 47.Rd6+ Ke7 48.bxc5 Rxc5 49.Rd3 Rc2
50.Rg3 Kf8 51.Kd5 g5 52.Ke6 b5  1-0

[Event "Villa Gesell"]
[Site "Villa Gesell"]
[Date "1996.??.??"]
[Round "3"]
[White "Sorin, Ariel"]
[Black "Tempone, Marcelo"]
[Result "1/2-1/2"]
[WhiteElo "2505"]
[BlackElo "2460"]

1.d4 d5 2.c4 e6 3.Nc3 c6 4.Nf3 Nf6 5.e3 Nbd7 6.Qc2 Bd6 7.Be2 O-O 8.O-O Qe7
9.Rd1 dxc4 10.Bxc4 a6 11.a3 c5 12.dxc5 Bxc5 13.b4 Ba7 14.Bb2 b5 15.Bd3 Bb7
16.Ne4 Rac8 17.Qb1 Nd5 18.Ng3 h6 19.Nh5 N7f6 20.Nxf6+ gxf6 21.Rc1 Rfd8 22.Rxc8 Rxc8
23.Bd4 Bxd4 24.Nxd4 f5 25.Qb2 Qg5 26.Bf1 Qf6 27.Rc1 Rxc1 28.Qxc1 f4 29.Nb3 fxe3
30.fxe3 Qg5 31.Nc5 Bc8 32.Kf2 Qf6+ 33.Kg1 Qg5 34.Kf2 Qf6+ 35.Kg1 Kg7 36.Qd2 Qg5
37.Qd4+ f6 38.e4 Qe3+ 39.Qxe3 Nxe3 40.Bd3 Ng4 41.Be2 Ne5 42.Kf2 Kf7 43.Ke3 Ke7
44.Kf4 Kf7 45.Ke3  1/2-1/2